Das Zeitalter des Imperialismus (Titelsatznr. 22529)
[ MARC ]
| 000 -Satzkennung | |
|---|---|
| Kontrollfeld mit fester Länge | 01093nam a22003491c 4500 |
| 001 - Kontrollnummer | |
| Kontrollfeld | a987681521 |
| 008 - Feld mit fester Länge zur physischen Beschreibung - Allgemeine Angaben | |
| Kontrollfeld mit fester Länge | 091123s2009 gw |||| 000u ger d |
| 020 ## - Internationale Standardbuchnummer | |
| Internationale Standardbuchnummer | 9783486588 |
| Verknüpfung | 978-3-486-588 |
| 041 ## - Sprachcode | |
| Sprachcode des Textes/der Tonspur oder des separaten Titels | ger |
| 040 ## - Katalogisierungsquelle | |
| Übertragungsstelle | RU-10907106 |
| 003 - Kontrollnummer Identifier | |
| Kontrollfeld | RU-10907106 |
| 100 1# - Haupteintragung - Personenname | |
| Personenname | Schöllgen, Gregor |
| 245 04 - Titel | |
| Titel | Das Zeitalter des Imperialismus |
| 250 ## - Ausgabebezeichnung | |
| Ausgabebezeichnung | 5., überarb. und erw. Aufl. |
| 264 ## - Produktion, Veröffentlichung, Distribution, Herstellung und Urheberrechtsvermerk | |
| Herstellungs-, Veröffentlichungs- Vertriebs-, Erzeugungsort | München : |
| Produzent, Herausgeber, Distributor, Hersteller | Oldenbourg, |
| Datum der Herstellung, der Veröffentlichung, des Vertriebs oder des Urheberschutzvermerks | 2009 |
| 300 ## - Physische Beschreibung | |
| Umfang | XII, 326 S. |
| 336 ## - Inhaltstyp | |
| Inhaltstypterm | Text |
| Inhaltstypcode | txt |
| Quelle | rdacontent |
| 337 ## - Medientyp | |
| Bezeichnung des Medientyps | Computermedien |
| Medientypcode | c |
| Quelle | rdamedia |
| 338 ## - Datenträgertyp | |
| Datenträgertypbezeichnung | Online-Ressource |
| Datenträgertypcode | cr |
| Quelle | rdacarrier |
| 490 #0 - Gesamttitelangabe | |
| Gesamttitelangabe | Oldenbourg-Grundriss der Geschichte |
| Bandnummer/Folgebezeichnung | 15 |
| 500 ## - Allgemeine Fußnote | |
| Allgemeine Fußnote | E-Book-Ciando / Zugriff im DHI-Lesesaal, Fernzugriff für registrierte Nutzer |
| 648 #0 - Nebeneintragung unter einem Schlagwort - Zeitschlagwort | |
| Zeitschlagwort | 1880-1914 |
| 650 #0 - Nebeneintragung unter einem Schlagwort - Sachschlagwort | |
| Sachschlagwort oder geografischer Name als Eintragungselement | Kolonialismus |
| 650 #0 - Nebeneintragung unter einem Schlagwort - Sachschlagwort | |
| Sachschlagwort oder geografischer Name als Eintragungselement | Imperialismus |
| 650 #0 - Nebeneintragung unter einem Schlagwort - Sachschlagwort | |
| Sachschlagwort oder geografischer Name als Eintragungselement | Weltkrieg <1914-1918> |
| 655 #0 - Indexierungsterm - Genre/Form | |
| Genre/Form oder fokussierter Term | |
| 655 #0 - Indexierungsterm - Genre/Form | |
| Genre/Form oder fokussierter Term | |
| 655 #0 - Indexierungsterm - Genre/Form | |
| Genre/Form oder fokussierter Term | Fernzugriff |
| 700 1# - Nebeneintragung - Personenname | |
| Personenname | Kießling, Friedrich |
| Funktionsbezeichnung | VerfasserIn |
| 856 4# - Elektronische Adresse und Zugriff | |
| URL | <a href="http://dgia.ciando.com/book/index.cfm/bok_ID/30571">http://dgia.ciando.com/book/index.cfm/bok_ID/30571</a> |
| 942 ## - Zusätzliche Felder (Koha) | |
| Koha-Medientyp | E-Books |
| Ausgeschieden | Verloren | Beschädigt | Nicht entleihbar | Heimatbibliothek | Aufenthaltsbibliothek | Aufstellungsort | Erwerbungsdatum | Inventarnummer | Signatur | Barcode | Letzte Aktivität | Preis gültig von | Koha-Medientyp |
|---|---|---|---|---|---|---|---|---|---|---|---|---|---|
| MWN Osteuropa | MWN Osteuropa | Online-Ressource | 23/11/2009 | 09-e00278 | E-09-e00278 | W 54 B s Schöl (E-Book) | 22532 | 18/03/2021 | 22/03/2021 | E-Books |